[Event "Chile Championship Absolute 2022"]
[Site "Las Condes"]
[Date "2022.02.20"]
[Round "4.2"]
[White "Bahamondes Ortiz, Benjamin"]
[Black "Lopez Silva, Hugo Andres"]
[Result "0-1"]
[WhiteElo "2164"]
[BlackElo "2407"]
[Annotator "ChessBase"]
[PlyCount "114"]
[EventDate "2022.02.18"]
[EventType "tourn"]
[EventCountry "CHI"]
[SourceTitle "playchess.com"]
[Source "ChessBase"]
[SourceQuality "1"]
[TimeControl "5400+30"]

1. d4 {[%emt 0:00:30]} Nf6 {[%emt 0:44:01]} 2. c4 {[%emt 0:00:00]} c5 {[%emt 0:00:44]} 3. d5 {[%emt 0:00:00]} e6 {[%emt 0:00:01]} 4. Nc3 {[%emt 0:00:00]} exd5 {[%emt 0:00:02]} 5. cxd5 {[%emt 0:00:00]} d6 {[%emt 0:00:04]} 6. Nf3 {[%emt 0:00:17]} g6 {[%emt 0:00:05]} 7. Nd2 {[%emt 0:00:07]} Nbd7 {[%emt 0:00:03]} 8. e4 {[%emt 0:00:23]} Bg7 {[%emt 0:00:40]} 9. Be2 {[%emt 0:00:04]} O-O {[%emt 0:00:05]} 10. O-O {[%emt 0:00:11]} Re8 {[%emt 0:00:28]} 11. a4 {[%emt 0:00:14]} a6 {[%emt 0:00:57]} 12. Re1 {[%emt 0:02:29]} Ne5 {[%emt 0:07:33]} 13. Qc2 {[%emt 0:08:43]} Nfg4 {[%emt 0:06:56]} 14. Bxg4 {[%emt 0:00:08]} Nxg4 {[%emt 0:00:50]} 15. Nf3 {[%emt 0:00:33]} Rb8 {[%emt 0:01:22]} 16. Bf4 {[%emt 0:29:16]} b5 {[%emt 0:10:45]} 17. axb5 {[%emt 0:00:24]} axb5 {[%emt 0:00:02]} 18. h3 {[%emt 0:01:41]} b4 {[%emt 0:00:43]} 19. Na4 {[%emt 0:05:19]} b3 {[%emt 0:01:36]} 20. Qd2 {[%emt 0:03:49]} Ne5 {[%emt 0:07:10]} 21. Nxe5 {[%emt 0:00:15]} Bxe5 {[%emt 0:00:02]} 22. Bxe5 {[%emt 0:00:17]} Rxe5 {[%emt 0:00:02]} 23. f4 {[%emt 0:02:37]} Re8 {[%emt 0:04:25]} 24. Nc3 {[%emt 0:02:05]} f6 {[%emt 0:03:54]} 25. f5 {[%emt 0:12:10]} gxf5 {[%emt 0:01:45]} 26. exf5 {[%emt 0:00:03]} Bxf5 {[%emt 0:00:13]} 27. Qf4 {[%emt 0:03:37]} Qd7 {[%emt 0:02:59]} 28. g4 {[%emt 0:01:53]} Bg6 {[%emt 0:00:04]} 29. Qxf6 {[%emt 0:00:25]} Rf8 {[%emt 0:00:01]} 30. Qe6+ {[%emt 0:00:41]} Qxe6 {[%emt 0:02:23]} 31. dxe6 {[%emt 0:00:51]} Rf3 {[%emt 0:00:40]} 32. Nd5 {[%emt 0:01:34]} Rd3 {[%emt 0:01:59]} 33. Rad1 {[%emt 0:13:52]} Rxd1 {[%emt 0:00:01]} 34. Rxd1 {[%emt 0:00:01]} c4 {[%emt 0:00:06]} 35. Kf2 {[%emt 0:01:15]} Kg7 {[%emt 0:00:28]} 36. Rd4 {[%emt 0:06:05]} Re8 {[%emt 0:03:33]} 37. Nc7 {[%emt 0:00:45]} Rf8+ {[%emt 0:01:07]} 38. Ke3 {[%emt 0:01:18]} c3 {[%emt 0:00:13]} 39. bxc3 {[%emt 0:00:17]} Rc8 {[%emt 0:01:02]} 40. Rb4 {[%emt 0:03:59]} Rxc7 {[%emt 0:00:12]} 41. Rxb3 {[%emt 0:00:01]} Kf6 {[%emt 0:00:18]} 42. Kd4 {[%emt 0:00:23]} Kxe6 {[%emt 0:00:14]} 43. c4 {[%emt 0:00:22]} Bf7 {[%emt 0:00:55]} 44. Rc3 {[%emt 0:00:37]} Rc5 {[%emt 0:00:13]} 45. Ra3 {[%emt 0:01:14]} Kf6 {[%emt 0:00:34]} 46. Rc3 {[%emt 0:00:59]} Rxc4+ {[%emt 0:01:21]} 47. Rxc4 {[%emt 0:00:08]} Bxc4 {[%emt 0:00:01]} 48. Kxc4 {[%emt 0:00:17]} Kg5 {[%emt 0:00:15]} 49. Kd5 {[%emt 0:00:40]} Kh4 {[%emt 0:00:01]} 50. Kxd6 {[%emt 0:00:02]} Kxh3 {[%emt 0:00:05]} 51. g5 {[%emt 0:00:10]} Kg4 {[%emt 0:00:01]} 52. Kd5 {[%emt 0:00:47]} Kxg5 {[%emt 0:00:06]} 53. Ke4 {[%emt 0:00:05]} Kg4 {[%emt 0:00:04]} 54. Ke3 {[%emt 0:00:07]} Kg3 {[%emt 0:00:01]} 55. Ke2 {[%emt 0:00:15]} Kg2 {[%emt 0:00:01]} 56. Ke3 {[%emt 0:00:20]} h5 {[%emt 0:00:01]} 57. Kf4 {[%emt 0:00:01]} h4 {[%emt 0:00:06]} 0-1

[Event "Chile Championship Absolute 2022"]
[Site "Las Condes"]
[Date "2022.02.20"]
[Round "4.3"]
[White "Barriga Silva, Felipe"]
[Black "Vasquez Toledo, Cristian"]
[Result "1-0"]
[WhiteElo "2162"]
[BlackElo "2154"]
[Annotator "ChessBase"]
[PlyCount "71"]
[EventDate "2022.02.18"]
[EventType "tourn"]
[EventCountry "CHI"]
[SourceTitle "playchess.com"]
[Source "ChessBase"]
[SourceQuality "1"]
[TimeControl "5400+30"]

1. e4 {[%emt 0:00:04]} c5 {[%emt 0:00:05]} 2. Nc3 {[%emt 0:00:05]} Nc6 {[%emt 0:00:02]} 3. g3 {[%emt 0:00:10]} g6 {[%emt 0:00:37]} 4. d3 {[%emt 0:00:08]} Bg7 {[%emt 0:00:05]} 5. Be3 {[%emt 0:00:05]} d6 {[%emt 0:00:06]} 6. Qd2 {[%emt 0:00:10]} Rb8 {[%emt 0:00:50]} 7. Bg2 {[%emt 0:00:15]} b5 {[%emt 0:00:08]} 8. f4 {[%emt 0:00:27]} b4 {[%emt 0:00:35]} 9. Nd1 {[%emt 0:00:14]} Bd7 {[%emt 0:10:09]} 10. Nf3 {[%emt 0:00:32]} Nf6 {[%emt 0:02:44]} 11. h3 {[%emt 0:00:13]} O-O {[%emt 0:02:36]} 12. O-O {[%emt 0:06:33]} Qb6 {[%emt 0:04:47]} 13. Nh4 {[%emt 0:09:34]} e6 {[%emt 0:18:51]} 14. g4 {[%emt 0:00:24]} Kh8 {[%emt 0:13:44]} 15. a3 {[%emt 0:09:59]} a5 {[%emt 0:00:40]} 16. axb4 {[%emt 0:03:02]} axb4 {[%emt 0:00:02]} 17. Qf2 {[%emt 0:05:36]} Nd4 {[%emt 0:02:31]} 18. f5 {[%emt 0:04:12]} exf5 {[%emt 0:04:47]} 19. exf5 {[%emt 0:00:29]} Rfe8 {[%emt 0:12:18]} 20. c3 {[%emt 0:14:07]} Nb3 {[%emt 0:01:22]} 21. Ra2 {[%emt 0:00:49]} Bc6 {[%emt 0:01:07]} 22. Bg5 {[%emt 0:09:27]} Nd7 {[%emt 0:06:14]} 23. f6 {[%emt 0:03:23]} Bf8 {[%emt 0:00:02]} 24. Ne3 {[%emt 0:03:10]} Ne5 {[%emt 0:01:14]} 25. Nc4 {[%emt 0:00:26]} Nxc4 {[%emt 0:03:12]} 26. dxc4 {[%emt 0:00:01]} Bxg2 {[%emt 0:01:32]} 27. Nxg2 {[%emt 0:01:58]} Re6 {[%emt 0:04:47]} 28. Nf4 {[%emt 0:00:53]} Re5 {[%emt 0:00:35]} 29. Nd5 {[%emt 0:02:21]} Qb7 {[%emt 0:00:44]} 30. Bf4 {[%emt 0:00:48]} Re6 {[%emt 0:01:51]} 31. Qh4 {[%emt 0:00:38]} Re4 {[%emt 0:06:00]} 32. Bh6 {[%emt 0:01:36]} Qd7 {[%emt 0:00:56]} 33. Bxf8 {[%emt 0:01:47]} Rxf8 {[%emt 0:00:02]} 34. Qh6 {[%emt 0:01:57]} Rg8 {[%emt 0:00:13]} 35. Ra8 {[%emt 0:02:07]} Rxg4+ {[%emt 0:01:22]} 36. Kh2 {[%emt 0:00:03]} 1-0

[Event "Chile Championship Absolute 2022"]
[Site "Las Condes"]
[Date "2022.02.20"]
[Round "4.4"]
[White "Donoso Diaz, Sebastian"]
[Black "Diaz Villagran, Robert"]
[Result "1-0"]
[WhiteElo "2212"]
[BlackElo "2318"]
[Annotator "ChessBase"]
[PlyCount "71"]
[EventDate "2022.02.18"]
[EventType "tourn"]
[EventCountry "CHI"]
[SourceTitle "playchess.com"]
[Source "ChessBase"]
[SourceQuality "1"]
[TimeControl "5400+30"]

1. d4 {[%emt 0:02:41]} Nf6 {[%emt 0:00:14]} 2. c4 {[%emt 0:00:03]} g6 {[%emt 0:00:14]} 3. Nc3 {[%emt 0:00:05]} Bg7 {[%emt 0:00:05]} 4. e4 {[%emt 0:00:04]} d6 {[%emt 0:00:06]} 5. h3 {[%emt 0:00:04]} O-O {[%emt 0:00:06]} 6. Be3 {[%emt 0:00:05]} Na6 {[%emt 0:00:10]} 7. Be2 {[%emt 0:00:05]} e5 {[%emt 0:00:19]} 8. d5 {[%emt 0:00:03]} Nc5 {[%emt 0:00:13]} 9. Qc2 {[%emt 0:00:04]} c6 {[%emt 0:00:05]} 10. g4 {[%emt 0:02:14]} cxd5 {[%emt 0:02:48]} 11. cxd5 {[%emt 0:00:05]} Bd7 {[%emt 0:02:06]} 12. b4 {[%emt 0:03:58]} Na6 {[%emt 0:00:02]} 13. a3 {[%emt 0:06:07]} Ne8 {[%emt 0:14:39]} 14. Bd3 {[%emt 0:08:54]} f5 {[%emt 0:12:22]} 15. gxf5 {[%emt 0:00:57]} gxf5 {[%emt 0:00:21]} 16. exf5 {[%emt 0:00:11]} e4 {[%emt 0:00:16]} 17. Bxe4 {[%emt 0:03:22]} Rc8 {[%emt 0:05:55]} 18. Nge2 {[%emt 0:00:34]} Qe7 {[%emt 0:07:15]} 19. Rg1 {[%emt 0:03:47]} Kh8 {[%emt 0:04:16]} 20. Rxg7 {[%emt 0:02:40]} Qxg7 {[%emt 0:02:13]} 21. Kd2 {[%emt 0:20:17]} Nf6 {[%emt 0:08:57]} 22. Bd3 {[%emt 0:04:19]} Nc7 {[%emt 0:07:01]} 23. Rg1 {[%emt 0:01:55]} Qe7 {[%emt 0:05:45]} 24. Qb2 {[%emt 0:00:35]} Rg8 {[%emt 0:05:50]} 25. Re1 {[%emt 0:00:09]} Qg7 {[%emt 0:07:11]} 26. Rg1 {[%emt 0:07:03]} Qe7 {[%emt 0:00:27]} 27. Bd4 {[%emt 0:02:42]} Rcf8 {[%emt 0:07:41]} 28. Ne4 {[%emt 0:01:46]} Nce8 {[%emt 0:00:01]} 29. N2g3 {[%emt 0:01:40]} Rg7 {[%emt 0:02:49]} 30. Re1 {[%emt 0:01:45]} Qf7 {[%emt 0:00:46]} 31. Nxf6 {[%emt 0:02:38]} Nxf6 {[%emt 0:00:02]} 32. Ne4 {[%emt 0:00:41]} Nxe4+ {[%emt 0:00:04]} 33. Rxe4 {[%emt 0:00:35]} h5 {[%emt 0:00:01]} 34. f6 {[%emt 0:01:02]} Rg2 {[%emt 0:01:02]} 35. Re7 {[%emt 0:00:30]} Qxd5 {[%emt 0:01:38]} 36. f7+ {[%emt 0:24:50]} 1-0

[Event "Chile Championship Absolute 2022"]
[Site "Las Condes"]
[Date "2022.02.21"]
[Round "4.5"]
[White "Olivares Olivares, Claudio"]
[Black "Diaz Vasquez, Martin"]
[Result "1/2-1/2"]
[WhiteElo "2380"]
[BlackElo "2253"]
[Annotator "TA"]
[PlyCount "108"]
[EventDate "2022.02.18"]
[EventType "tourn"]
[EventCountry "CHI"]
[SourceTitle "playchess.com"]
[Source "ChessBase"]
[SourceQuality "1"]

{[%evp 25,108,22,21,0,13,0,0,4,47,40,21,0,2,0,0,-17,0,-45,12,16,1,-14,-15,-18,-26,-65,-61,-52,-59,-59,-56,-53,-58,-88,-84,-99,-27,-109,-107,-107,-99,-109,-109,-112,-99,-137,-129,-112,-11,-73,-65,-65,-65,-58,0,-254,0,0,0,0,0,0,0,0,0,0,0,0,0,0,0,0,0,0,0,0,0,0,0,0,0,0,0,0,0]} 1. e4 c5 2. Nf3 {[%cal Bg1f3,Bf3d4,Bd4b5,Bb5c3,Bc3e2][%mdl 32]} e6 3. d4 cxd4 4. Nxd4 Nf6 5. Nc3 Nc6 6. Ndb5 Bb4 7. a3 Bxc3+ 8. Nxc3 d5 9. exd5 exd5 {[%cal Be6d5,Bd5d4][%mdl 32]} 10. Bd3 O-O 11. O-O d4 12. Ne2 Bg4 13. f3 {13.Bg5 is more fashionable.} Bh5 $1 14. Nf4 {B45: Sicilian Four Knights.} Bg6 15. Nxg6 hxg6 16. f4 Ne7 (16... Qb6 $11 {might be stronger.}) 17. Qf3 $1 $14 Qb6 18. Bd2 Nf5 $1 19. Rae1 Rfe8 20. Re5 Ne3 {Pair of Knights!} 21. Re1 (21. Rb5 $11 {is more appropriate.} Nxf1 22. Rxb6 Nxd2 23. Qd1 axb6 24. Qxd2) 21... Rxe5 (21... Qxb2 $15 22. Bxe3 dxe3 23. R1xe3 Qd4) 22. fxe5 $11 {[#]} Nfg4 $146 ({Predecessor:} 22... Nfd5 23. b4 Re8 24. c4 Ne7 25. Bxe3 dxe3 26. Qxe3 Qxe3+ 27. Rxe3 Nc6 28. e6 f5 {1-0 (40) Teclaf,P (2191)-Posluszny,T (1555) Suchedniow 2016}) 23. Bxe3 (23. e6 $5 Qxe6 24. h3 $14 (24. Qxb7 Rc8 $14)) 23... Nxe3 24. c3 {[%cal Oe5e6]} Nf5 {Hoping for ...dxc3+.} 25. Kh1 Qxb2 26. Bxf5 gxf5 27. cxd4 Qxd4 28. Qxb7 $15 {[%mdl 4096] Endgame KQR-KQR} Re8 29. Qb3 Re6 30. h3 Qf2 (30... Kh7 $17) 31. Qd1 {[#]} (31. Qb1 $11 {keeps the balance.}) 31... g6 $1 $17 32. Qc1 Qd4 33. Qc7 Kg7 34. Qa5 f4 35. Qb4 {[#]} Qf2 {Threatens to win with ...f3.} 36. Qe4 {Inhibits f3.} Rb6 (36... g5 $17 {[%cal Og5g4] And now ...g4! would win.} 37. a4 g4) 37. Qe2 (37. Rd1 $11 {remains equal.}) 37... Qg3 {[%cal Of4f3] White must now prevent ...f3!} 38. Rf1 {To avoid f3} g5 39. a4 a5 (39... Qc3 $15) 40. Qd2 $2 {[%mdl 8192]} (40. Qe4 $11) 40... Rb4 $2 ({Black should try} 40... f3 $1 $19 {Strongly threatening ...g4.} 41. e6 fxg2+ 42. Qxg2 Qxg2+ 43. Kxg2 fxe6) 41. e6 $36 {[%mdl 2048] Black is under pressure. The position is equal.} fxe6 42. Qd7+ Kf6 43. Qd8+ Kg6 44. Qg8+ Kf6 45. Qh8+ Kg6 46. Qg8+ Kf6 47. Qh8+ Kg6 48. Qe5 Qb3 49. Qh8 Rxa4 50. Re1 Re4 51. Qg8+ Kf6 52. Qh8+ Kg6 53. Qg8+ Kf6 54. Qh8+ Kg6 {Weighted Error Value: White=0.23 (precise) /Black=0.21 (precise)} 1/2-1/2

[Event "Chile Championship Absolute 2022"]
[Site "Las Condes"]
[Date "2022.02.20"]
[Round "4.6"]
[White "Aguirre Contreras, Cristian Rodrigo"]
[Black "Vergara Rozas, Jose Francisco"]
[Result "1-0"]
[WhiteElo "2261"]
[BlackElo "2044"]
[Annotator "ChessBase"]
[PlyCount "59"]
[EventDate "2022.02.18"]
[EventType "tourn"]
[EventCountry "CHI"]
[SourceTitle "playchess.com"]
[Source "ChessBase"]
[SourceQuality "1"]
[TimeControl "5400+30"]

1. d4 {[%emt 0:00:19]} Nf6 {[%emt 0:24:48]} 2. Nf3 {[%emt 0:01:22]} d5 {[%emt 0:01:11]} 3. g3 {[%emt 0:00:07]} Bf5 {[%emt 0:00:13]} 4. Bg2 {[%emt 0:00:07]} e6 {[%emt 0:00:15]} 5. O-O {[%emt 0:00:10]} c5 {[%emt 0:00:15]} 6. b3 {[%emt 0:00:46]} Nc6 {[%emt 0:00:51]} 7. Bb2 {[%emt 0:00:02]} Rc8 {[%emt 0:00:13]} 8. c4 {[%emt 0:06:08]} dxc4 {[%emt 0:04:25]} 9. bxc4 {[%emt 0:05:03]} Be7 {[%emt 0:02:17]} 10. e3 {[%emt 0:08:35]} O-O {[%emt 0:00:13]} 11. Qe2 {[%emt 0:01:01]} cxd4 {[%emt 0:06:55]} 12. Nxd4 {[%emt 0:04:33]} Nxd4 {[%emt 0:00:59]} 13. exd4 {[%emt 0:00:22]} b6 {[%emt 0:02:23]} 14. Nd2 {[%emt 0:03:18]} Qc7 {[%emt 0:05:39]} 15. Rac1 {[%emt 0:00:49]} Rfd8 {[%emt 0:04:12]} 16. h3 {[%emt 0:00:07]} Qd7 {[%emt 0:00:28]} 17. g4 {[%emt 0:06:58]} Bg6 {[%emt 0:00:18]} 18. Nf3 {[%emt 0:00:06]} Be4 {[%emt 0:05:12]} 19. g5 {[%emt 0:06:38]} Bxf3 {[%emt 0:04:29]} 20. Qxf3 {[%emt 0:00:02]} Ne8 {[%emt 0:00:22]} 21. h4 {[%emt 0:00:17]} Bf8 {[%emt 0:06:26]} 22. h5 {[%emt 0:09:30]} Qa4 {[%emt 0:00:55]} 23. g6 {[%emt 0:00:58]} Nf6 {[%emt 0:05:39]} 24. d5 {[%emt 0:01:11]} Be7 {[%emt 0:03:54]} 25. gxf7+ {[%emt 0:04:22]} Kxf7 {[%emt 0:03:19]} 26. Bh3 {[%emt 0:01:48]} Rxc4 {[%emt 0:00:47]} 27. Bxe6+ {[%emt 0:00:19]} Ke8 {[%emt 0:00:07]} 28. Rxc4 {[%emt 0:03:19]} Qxc4 {[%emt 0:02:01]} 29. h6 {[%emt 0:00:05]} Qc2 {[%emt 0:09:54]} 30. hxg7 {[%emt 0:02:02]} 1-0

[Event "Chile Championship Absolute 2022"]
[Site "Las Condes"]
[Date "2022.02.21"]
[Round "5.1"]
[White "Vergara Rozas, Jose Francisco"]
[Black "Palma Neira, Eliseo Maximiliano"]
[Result "1/2-1/2"]
[WhiteElo "2044"]
[BlackElo "2029"]
[Annotator "NA"]
[PlyCount "140"]
[EventDate "2022.02.18"]
[EventType "tourn"]
[EventCountry "CHI"]
[SourceTitle "playchess.com"]
[Source "ChessBase"]
[SourceQuality "1"]
[TimeControl "5400+30"]

1. e4 {[%emt 0:00:16]} e5 {[%emt 0:20:54]} 2. Nf3 {[%emt 0:02:45]} Nc6 {[%emt 0:00:05]} 3. d4 {[%emt 0:00:02]} exd4 {[%emt 0:00:08]} 4. Nxd4 {[%emt 0:00:25]} Nf6 {[%emt 0:00:05]} 5. Nc3 {[%emt 0:00:20]} Bb4 {[%emt 0:00:49]} 6. Nxc6 {[%emt 0:00:20]} bxc6 {[%emt 0:00:38]} 7. Bd3 {[%emt 0:00:09]} d5 {[%emt 0:00:15]} 8. exd5 {[%emt 0:00:09]} cxd5 {[%emt 0:00:05]} 9. O-O {[%emt 0:02:02]} c6 {[%emt 0:04:33]} 10. Re1+ {[%emt 0:03:52]} Be7 {[%emt 0:01:10]} 11. Ne2 {[%emt 0:00:42]} O-O {[%emt 0:01:29]} 12. Nd4 {[%emt 0:00:10]} Bd6 {[%emt 0:08:33]} 13. h3 {[%emt 0:03:48]} c5 {[%emt 0:10:20]} 14. Nf5 {[%emt 0:02:02]} Bxf5 {[%emt 0:01:02]} 15. Bxf5 {[%emt 0:00:10]} g6 {[%emt 0:01:50]} 16. Bd3 {[%emt 0:04:03]} c4 {[%emt 0:00:30]} 17. Be2 {[%emt 0:02:47]} Bc5 {[%emt 0:05:17]} 18. Bf3 {[%emt 0:03:58]} Qb6 {[%emt 0:00:54]} 19. Rf1 {[%emt 0:02:44]} Rad8 {[%emt 0:03:20]} 20. Rb1 {[%emt 0:02:59]} d4 {[%emt 0:04:10]} 21. b3 {[%emt 0:02:02]} Rfe8 {[%emt 0:10:22]} 22. Bg5 {[%emt 0:00:10]} c3 {[%emt 0:01:06]} 23. Qd3 {[%emt 0:03:34]} Re5 {[%emt 0:01:33]} 24. Bh4 {[%emt 0:01:45]} Rde8 {[%emt 0:01:05]} 25. b4 {[%emt 0:00:23]} Be7 {[%emt 0:01:39]} 26. a4 {[%emt 0:00:25]} Ne4 {[%emt 0:01:54]} 27. a5 {[%emt 0:00:57]} Qd8 {[%emt 0:02:25]} 28. Bxe4 {[%emt 0:02:42]} Bxh4 {[%emt 0:00:10]} 29. Bf3 {[%emt 0:00:09]} Bf6 {[%emt 0:01:26]} 30. Bc6 {[%emt 0:00:51]} R8e6 {[%emt 0:01:15]} 31. Bb5 {[%emt 0:00:24]} Re2 {[%emt 0:04:42]} 32. Qxe2 {[%emt 0:00:02]} Rxe2 {[%emt 0:00:04]} 33. Bxe2 {[%emt 0:00:03]} Be5 {[%emt 0:00:59]} 34. Bd3 {[%emt 0:01:45]} Bc7 {[%emt 0:01:59]} 35. Rfe1 {[%emt 0:00:31]} Qd6 {[%emt 0:01:12]} 36. g3 {[%emt 0:00:03]} h5 {[%emt 0:00:58]} 37. h4 {[%emt 0:00:15]} Kg7 {[%emt 0:01:05]} 38. Re4 {[%emt 0:03:37]} f5 {[%emt 0:01:17]} 39. Re8 {[%emt 0:00:07]} f4 {[%emt 0:00:40]} 40. Rbe1 {[%emt 0:00:29]} fxg3 {[%emt 0:00:23]} 41. R1e6 {[%emt 0:17:13]} gxf2+ {[%emt 0:00:24]} 42. Kf1 {[%emt 0:00:01]} Qf4 {[%emt 0:02:23]} 43. R8e7+ {[%emt 0:02:00]} Kf8 {[%emt 0:00:53]} 44. Re8+ {[%emt 0:01:00]} Kg7 {[%emt 0:00:29]} 45. Rxg6+ {[%emt 0:01:01]} Kf7 {[%emt 0:00:02]} 46. Re2 {[%emt 0:00:56]} Qc1+ {[%emt 0:00:36]} 47. Kxf2 {[%emt 0:00:09]} Qf4+ {[%emt 0:01:50]} 48. Kg2 {[%emt 0:00:46]} Qxh4 {[%emt 0:00:57]} 49. Rf2+ {[%emt 0:00:13]} Bf4 {[%emt 0:00:25]} 50. b5 {[%emt 0:02:17]} Ke7 {[%emt 0:00:38]} 51. b6 {[%emt 0:00:33]} Bb8 {[%emt 0:01:47]} 52. Rg7+ {[%emt 0:01:42]} Ke6 {[%emt 0:00:11]} 53. Bf5+ {[%emt 0:01:47]} Kf6 {[%emt 0:00:46]} 54. bxa7 {[%emt 0:00:16]} Bxa7 {[%emt 0:01:50]} 55. Rxa7 {[%emt 0:00:20]} Qg5+ {[%emt 0:00:03]} 56. Bg4+ {[%emt 0:00:28]} Kg6 {[%emt 0:00:13]} 57. Rff7 {[%emt 0:01:53]} Qxg4+ {[%emt 0:00:07]} 58. Kf2 {[%emt 0:00:07]} Qd1 {[%emt 0:00:50]} 59. Rg7+ {[%emt 0:01:00]} Kf6 {[%emt 0:00:07]} 60. Raf7+ {[%emt 0:00:17]} Ke5 {[%emt 0:00:45]} 61. Re7+ {[%emt 0:00:04]} Kd5 {[%emt 0:00:27]} 62. Re2 {[%emt 0:00:18]} Qa1 {[%emt 0:01:50]} 63. Rg5+ {[%emt 0:00:36]} Kd6 {[%emt 0:00:53]} 64. Rxh5 {[%emt 0:00:35]} d3 {[%emt 0:00:15]} 65. cxd3 {[%emt 0:00:16]} Qa4 {[%emt 0:00:14]} 66. Rh6+ {[%emt 0:00:36]} Kd7 {[%emt 0:00:17]} 67. Rh7+ {[%emt 0:00:27]} Kd6 {[%emt 0:00:15]} 68. Rh6+ {[%emt 0:00:31]} Kd5 {[%emt 0:00:26]} 69. Rh5+ {[%emt 0:00:12]} Kd6 {[%emt 0:00:44]} 70. Rh6+ {[%emt 0:02:14]} Kd5 {[%emt 0:02:32]} 1/2-1/2

[Event "Chile Championship Absolute 2022"]
[Site "Las Condes"]
[Date "2022.02.21"]
[Round "5.2"]
[White "Diaz Vasquez, Martin"]
[Black "Aguirre Contreras, Cristian Rodrigo"]
[Result "1-0"]
[WhiteElo "2253"]
[BlackElo "2261"]
[Annotator "NA"]
[PlyCount "71"]
[EventDate "2022.02.18"]
[EventType "tourn"]
[EventCountry "CHI"]
[SourceTitle "playchess.com"]
[Source "ChessBase"]
[SourceQuality "1"]
[TimeControl "5400+30"]

1. Nf3 {[%emt 0:00:06]} Nf6 {[%emt 0:05:24]} 2. b3 {[%emt 0:00:09]} c5 {[%emt 0:00:26]} 3. e3 {[%emt 0:00:23]} d5 {[%emt 0:00:10]} 4. Bb2 {[%emt 0:00:11]} a6 {[%emt 0:01:39]} 5. c4 {[%emt 0:01:23]} e6 {[%emt 0:01:06]} 6. Be2 {[%emt 0:01:05]} Be7 {[%emt 0:00:07]} 7. cxd5 {[%emt 0:00:36]} exd5 {[%emt 0:00:16]} 8. O-O {[%emt 0:00:26]} O-O {[%emt 0:03:03]} 9. d4 {[%emt 0:00:08]} Nbd7 {[%emt 0:01:23]} 10. Nc3 {[%emt 0:01:51]} b5 {[%emt 0:01:04]} 11. dxc5 {[%emt 0:06:31]} Nxc5 {[%emt 0:00:30]} 12. Nd4 {[%emt 0:00:21]} Qb6 {[%emt 0:04:16]} 13. Bf3 {[%emt 0:02:10]} Rd8 {[%emt 0:01:01]} 14. Rc1 {[%emt 0:01:45]} b4 {[%emt 0:04:43]} 15. Nce2 {[%emt 0:08:46]} a5 {[%emt 0:03:15]} 16. Nf4 {[%emt 0:01:34]} Ba6 {[%emt 0:06:29]} 17. Nf5 {[%emt 0:09:08]} Bf8 {[%emt 0:03:21]} 18. Be2 {[%emt 0:07:11]} a4 {[%emt 0:03:06]} 19. Bd4 {[%emt 0:04:04]} Nfe4 {[%emt 0:09:13]} 20. Bxa6 {[%emt 0:06:16]} Qxa6 {[%emt 0:02:59]} 21. Bxg7 {[%emt 0:06:53]} Bxg7 {[%emt 0:02:28]} 22. Qg4 {[%emt 0:01:56]} Qf6 {[%emt 0:00:13]} 23. Nh5 {[%emt 0:07:10]} Qg5 {[%emt 0:02:46]} 24. Qxg5 {[%emt 0:00:53]} Nxg5 {[%emt 0:00:01]} 25. Rxc5 {[%emt 0:00:35]} Ne6 {[%emt 0:00:22]} 26. Rxd5 {[%emt 0:01:52]} Rxd5 {[%emt 0:01:28]} 27. Ne7+ {[%emt 0:00:02]} Kf8 {[%emt 0:00:56]} 28. Nxd5 {[%emt 0:00:11]} Bc3 {[%emt 0:00:37]} 29. Nhf4 {[%emt 0:08:28]} axb3 {[%emt 0:02:28]} 30. axb3 {[%emt 0:00:24]} Nc5 {[%emt 0:04:59]} 31. Ne2 {[%emt 0:02:19]} Bd2 {[%emt 0:00:51]} 32. Nd4 {[%emt 0:01:20]} Bc3 {[%emt 0:07:50]} 33. Nc2 {[%emt 0:05:22]} Nd3 {[%emt 0:00:01]} 34. Rd1 {[%emt 0:03:21]} Nxf2 {[%emt 0:00:51]} 35. Kxf2 {[%emt 0:00:27]} Ra2 {[%emt 0:00:01]} 36. Nxc3 {[%emt 0:00:21]} 1-0

[Event "Chile Championship Absolute 2022"]
[Site "Las Condes"]
[Date "2022.02.21"]
[Round "5.3"]
[White "Diaz Villagran, Robert"]
[Black "Olivares Olivares, Claudio"]
[Result "1-0"]
[WhiteElo "2318"]
[BlackElo "2380"]
[Annotator "ChessBase"]
[PlyCount "89"]
[EventDate "2022.02.18"]
[EventType "tourn"]
[EventCountry "CHI"]
[SourceTitle "playchess.com"]
[Source "ChessBase"]
[SourceQuality "1"]
[TimeControl "5400+30"]

1. e4 {[%emt 1:31:00]} c5 {[%emt 0:17:04]} 2. Nf3 {[%emt 0:00:00]} d6 {[%emt 0:00:08]} 3. d4 {[%emt 0:00:00]} cxd4 {[%emt 0:00:12]} 4. Nxd4 {[%emt 0:00:00]} Nf6 {[%emt 0:00:08]} 5. Nc3 {[%emt 0:00:00]} a6 {[%emt 0:00:05]} 6. Bg5 {[%emt 0:00:00]} e6 {[%emt 0:00:06]} 7. f4 {[%emt 0:00:00]} h6 {[%emt 0:00:04]} 8. Bh4 {[%emt 0:00:00]} Be7 {[%emt 0:00:06]} 9. Qf3 {[%emt 0:00:00]} Nbd7 {[%emt 0:01:07]} 10. O-O-O {[%emt 0:00:00]} Qc7 {[%emt 0:00:04]} 11. Be2 {[%emt 0:00:00]} Rg8 {[%emt 0:01:54]} 12. Bf2 {[%emt 0:00:00]} b5 {[%emt 0:03:16]} 13. a3 {[%emt 0:00:00]} Rb8 {[%emt 0:06:32]} 14. Nb3 {[%emt 0:00:00]} b4 {[%emt 0:00:55]} 15. axb4 {[%emt 0:00:00]} Rxb4 {[%emt 0:00:05]} 16. Rd4 {[%emt 0:00:00]} Rxd4 {[%emt 0:04:41]} 17. Nxd4 {[%emt 0:00:00]} Bb7 {[%emt 0:00:31]} 18. Qe3 {[%emt 0:00:00]} Nc5 {[%emt 0:01:51]} 19. Bf3 {[%emt 0:00:00]} g5 {[%emt 0:00:23]} 20. g3 {[%emt 0:00:00]} gxf4 {[%emt 0:03:13]} 21. gxf4 {[%emt 0:00:00]} Ng4 {[%emt 0:00:26]} 22. Bxg4 {[%emt 0:00:00]} Rxg4 {[%emt 0:00:07]} 23. Rg1 {[%emt 0:00:00]} Rxg1+ {[%emt 0:03:00]} 24. Bxg1 {[%emt 0:00:00]} e5 {[%emt 0:12:50]} 25. Nf3 {[%emt 0:00:00]} exf4 {[%emt 0:15:36]} 26. Qxf4 {[%emt 0:00:00]} Ne6 {[%emt 0:01:10]} 27. Qxh6 {[%emt 0:00:00]} Qc4 {[%emt 0:00:05]} 28. Nd2 {[%emt 0:00:00]} Qb4 {[%emt 0:00:06]} 29. Be3 {[%emt 0:00:00]} Bf8 {[%emt 0:01:07]} 30. Qh8 {[%emt 0:00:00]} Kd7 {[%emt 0:01:32]} 31. Qh5 {[%emt 0:00:00]} Ke8 {[%emt 0:00:29]} 32. Nd5 {[%emt 0:06:15]} Qa4 {[%emt 0:00:17]} 33. c3 {[%emt 0:04:23]} Bg7 {[%emt 0:00:47]} 34. Qe2 {[%emt 0:01:14]} Be5 {[%emt 0:01:55]} 35. Kb1 {[%emt 0:00:57]} Bc6 {[%emt 0:00:21]} 36. Qd3 {[%emt 0:04:00]} Bxh2 {[%emt 0:04:39]} 37. b3 {[%emt 0:00:01]} Qb5 {[%emt 0:00:57]} 38. Kc2 {[%emt 0:00:41]} Qa5 {[%emt 0:08:57]} 39. Kb2 {[%emt 0:00:01]} Bb5 {[%emt 0:01:41]} 40. Qc2 {[%emt 0:00:13]} Qd8 {[%emt 0:00:39]} 41. Nf3 {[%emt 0:00:22]} Be5 {[%emt 0:00:40]} 42. Nxe5 {[%emt 0:00:37]} dxe5 {[%emt 0:00:05]} 43. Qh2 {[%emt 0:00:05]} Qd6 {[%emt 0:02:06]} 44. Qh8+ {[%emt 0:00:11]} Kd7 {[%emt 0:00:51]} 45. Nb6+ {[%emt 0:00:14]} 1-0